000 00297nam a2200121 a 4500
005 20140414093845.0
008 091124s19uu xx 00 eng d
050 _aDVD 300
_bNEW 2008
245 _aNewsmakers :
_bA GMA news special.
650 _aSocial issues.
942 _cAVM
999 _c109557
_d109557